<?xml version="1.0" encoding="UTF-8"?>
<collection xmlns:xsi="http://www.w3.org/2001/XMLSchema-instance" xsi:schemaLocation="http://www.loc.gov/MARC21/slim http://www.loc.gov/standards/marcxml/schema/MARC21slim.xsd" xmlns="http://www.loc.gov/MARC21/slim">
 <record>
  <leader>00000cam a22000004i 4500</leader>
  <controlfield tag="001">UP-99796217610177163</controlfield>
  <controlfield tag="003">Buklod</controlfield>
  <controlfield tag="005">20120120144018.0</controlfield>
  <controlfield tag="006">m    |q  d |      </controlfield>
  <controlfield tag="007">ta</controlfield>
  <controlfield tag="008">790702s1979    enka    rb   f000 0|eng d</controlfield>
  <datafield tag="035" ind1=" " ind2=" ">
   <subfield code="a">(iLib)UPD-00183803952</subfield>
  </datafield>
  <datafield tag="040" ind1=" " ind2=" ">
   <subfield code="a">na</subfield>
   <subfield code="c">na</subfield>
   <subfield code="d">CU-IT</subfield>
   <subfield code="d">NCTS LIBRARY</subfield>
  </datafield>
  <datafield tag="100" ind1="1" ind2=" ">
   <subfield code="a">Bailey, A. C.</subfield>
  </datafield>
  <datafield tag="245" ind1="1" ind2="0">
   <subfield code="a">Estimating highway construction costs</subfield>
   <subfield code="b">program COSMOS : drainage cost models</subfield>
   <subfield code="c">by A. C. Bailey.</subfield>
  </datafield>
  <datafield tag="264" ind1=" " ind2="1">
   <subfield code="a">Crowthorne, [Eng.]</subfield>
   <subfield code="b">Transport and Road Research Laboratory</subfield>
   <subfield code="c">1979.</subfield>
  </datafield>
  <datafield tag="300" ind1=" " ind2=" ">
   <subfield code="a">26 p.</subfield>
   <subfield code="b">ill.</subfield>
   <subfield code="c">30 cm.</subfield>
  </datafield>
  <datafield tag="490" ind1="1" ind2=" ">
   <subfield code="a">Supplementary report - Transport and Road Research Laboratory</subfield>
   <subfield code="v">459</subfield>
   <subfield code="x">0305-1315</subfield>
  </datafield>
  <datafield tag="504" ind1=" " ind2=" ">
   <subfield code="a">Includes bibliographical references.</subfield>
  </datafield>
  <datafield tag="690" ind1="0" ind2="1">
   <subfield code="a">Roads</subfield>
   <subfield code="x">Drainage</subfield>
   <subfield code="x">Design</subfield>
   <subfield code="x">Mathematical models.</subfield>
  </datafield>
  <datafield tag="690" ind1="0" ind2="1">
   <subfield code="a">Culverts</subfield>
   <subfield code="x">Costs</subfield>
   <subfield code="x">Mathematical models.</subfield>
  </datafield>
  <datafield tag="690" ind1="0" ind2="1">
   <subfield code="a">Roads</subfield>
   <subfield code="x">Drainage</subfield>
   <subfield code="x">Design</subfield>
   <subfield code="x">Mathematical models.</subfield>
  </datafield>
  <datafield tag="690" ind1="0" ind2="1">
   <subfield code="a">Culverts</subfield>
   <subfield code="x">Costs</subfield>
   <subfield code="x">Mathematical models.</subfield>
  </datafield>
  <datafield tag="740" ind1="0" ind2=" ">
   <subfield code="a">COSMOS.</subfield>
  </datafield>
  <datafield tag="810" ind1="2" ind2=" ">
   <subfield code="a">Transport and Road Research Laboratory.</subfield>
   <subfield code="t">Supplementary report</subfield>
   <subfield code="v">459.</subfield>
  </datafield>
  <datafield tag="852" ind1="0" ind2=" ">
   <subfield code="a">UPD</subfield>
   <subfield code="b">NCTS</subfield>
  </datafield>
  <datafield tag="942" ind1=" " ind2=" ">
   <subfield code="a">Book</subfield>
  </datafield>
 </record>
</collection>
